| 000 | 01314nam a22004097a 4500 | ||
|---|---|---|---|
| 003 | CHAP | ||
| 005 | 20220329143609.0 | ||
| 008 | 100816s1998 mx a r 00010 spa d | ||
| 010 | _a99076 | ||
| 011 | _a100048 | ||
| 020 | _a9684443072 | ||
| 035 | _a110734 | ||
| 040 | _cCHAP | ||
| 082 | 1 | 4 |
_a540 _bAm35 1998 |
| 110 | 1 |
_aAmerican Chemical Society. Washington _95230 |
|
| 245 | 1 | 0 |
_aQuimCom: _bquímica en la comunidad _c/por American Chemical Society |
| 250 | _a2 ed. | ||
| 260 |
_aMéxico, D. F. : _bAddison Wesley Longman, _c1998 |
||
| 300 |
_a571 p. : _bilus., tablas |
||
| 590 |
_aBATCH-UPD _b10 _c20130110 _lUCH01 _h1151 |
||
| 590 |
_aBATCH-UPD _b10 _c20130410 _lUCH01 _h0735 |
||
| 590 |
_aBATCH-UPD _b10 _c20130913 _lUCH01 _h2239 |
||
| 590 |
_aCONVERSION _b10 _c20130109 _lUCH01 _h1355 |
||
| 650 | 1 | 4 |
_aAgua _xAbastecimiento. _92223 |
| 650 | 1 | 4 |
_aAgua _xCalidad. _92316 |
| 650 | 1 | 4 |
_aAgua _xContaminacion _xEfecto en animales. _92353 |
| 650 | 1 | 4 |
_aAlimentos _xAnálisis. _94164 |
| 650 | 1 | 4 |
_aElementos químicos. _936261 |
| 650 | 1 | 4 |
_aMetales. _975163 |
| 650 | 1 | 4 |
_aPetróleo. _987656 |
| 650 | 1 | 4 |
_aQuímica. _993552 |
| 650 | 1 | 4 |
_aQuímica _xMedio ambiente. _993568 |
| 901 | _aBK | ||
| 911 | _aen proceso | ||
| 942 | _cLIBRO | ||
| 949 |
_a540 Am35 1998 _bBC _cLIBRO _d33724002172355 _eLIBRO _h113273 _i110734 _si |
||
| 999 |
_c99076 _d99076 |
||